000 00355 a2200157 4500
001 176454
020 _a
040 _cMagnum
100 _aGarcia, Maria de Los Angeles Jimenez
240 1 0 _aEl banco de piedra
_lESP
245 1 0 _aEl banco de piedra
362 0 _a1899
440 1 _aÁtica
697 _aMAGNITO: LITERATURA ESTRANGEIR
942 _cBK
999 _c176454
_d176454